000 01130cam a2200337 4500
001 4127404
003 OSt
005 20140310182719.0
008 721110s1972 nyu b 001 0 eng
010 _a 76112513
040 _aDLC
_cDLC
_dDLC
043 _an-us---
050 0 0 _aTX 533
_b.W447 1972
082 0 0 _aM 614.310973
_bW45 1972
100 1 _aWellford, Harrison
245 1 0 _aSowing the wind :
_ba report from Ralph Nader's Center for study of responsive law on food safety and the chemical harvest.
_cNader, Ralph
260 _aNew York :
_bGrossman Publishers,
_cc1972.
300 _aviii, 384 p.
_c18 cm.
504 _aIncludes bibliographical references.
521 _aCollege Students
526 _c1210L-1700L
541 _j1
562 _e1
650 0 _aFood adulteration and inspection
_zUnited States.
650 0 _aFood contamination.
650 0 _aFood law and legislation
_zUnited States.
650 0 _aPesticides
_xEnvironmental aspects
_zUnited States.
710 2 _aCenter for Study of Responsive Law.
906 _a7
_bcbc
_corignew
_d2
_encip
_f19
_gy-gencatlg
942 _2lcc
_cBK
_kM
999 _c15318
_d15318